| 000 | 00932nac a22002531u 4500 | ||
|---|---|---|---|
| 010 | _a 99040847 | ||
| 020 | _a0256113793 | ||
| 022 | _a0071183159. (International ed.) | ||
| 035 | _a(DLC) 99040847 | ||
| 082 | 0 | 0 |
_a658.787 _bZIP |
| 090 |
_c6454 _d6454 |
||
| 100 | _aZipkin, Paul Herbert. | ||
| 245 | 1 | 0 |
_aFoundations of inventory management / _cPaul H. Zipkin. |
| 260 |
_aBoston : _bMcGraw-Hill,c.2000. _cc.2000. |
||
| 300 |
_a514 p. : _bill. ; _c25 cm. |
||
| 500 | _aInternational Edition. | ||
| 500 | _aDistributer: Al-Ahram. | ||
| 504 | _aIncludes bibliographical references (p. 487-502) and index. | ||
| 511 | _aCatalogued By: Mahitab. | ||
| 650 | 0 | _aInventory control. | |
| 856 | 4 | 1 |
_3Table of contents _uhttp://www.loc.gov/catdir/toc/mh031/99040847.html |
| 856 | 4 | 1 |
_3Publisher description _uhttp://www.loc.gov/catdir/description/mh023/99040847.html |
| 942 |
_cBB _k658.787ZIP |
||
| 999 |
_c6454 _d6454 |
||